Statistics for Footballers by Career - Southampton

Click here to take the quiz!

General Stats

  • This quiz has been taken 20 times
  • The average score is 6 of 10

Answer Stats

Player% Correct
Alan Shearer
89%
Fraser Forster
89%
Dušan Tadić
83%
Shane Long
83%
José Fonte
78%
Maya Yoshida
78%
Rickie Lambert
72%
Marians Pahars
50%
Rory Delap
17%
Jim Magilton
6%

Score Distribution

Percentile by Number Answered

Percent of People with Each Score

Your Score History

You have not taken this quiz